000 00344 a2200157 4500
001 151345
040 _cEscola São Tomás de Aquino
100 _aSCLIAR, Moacyr
240 1 0 _aDeu no jornal
_lpor
245 1 0 _aDeu no jornal
300 _a32
362 0 _a2008
440 1 _aEdelbra
697 _a*LITERATURA INFANTO JUVENIL
942 _cBK
999 _c151345
_d151345